[Event "AUT-ch 2018"]
[Site "Vienna"]
[Date "2018.07.26"]
[Round "6"]
[White "Toelly, Michael"]
[Black "Ly, Dominik"]
[Result "0-1"]
[WhiteElo "2127"]
[BlackElo "2217"]
[Annotator "NA"]
[PlyCount "68"]
[EventDate "2018.07.22"]
[EventType "swiss"]
[EventCountry "AUT"]
[SourceTitle "playchess.com"]
[Source "ChessBase"]
[SourceQuality "1"]
[TimeControl "40/5400+30:1800+30"]

1. c4 {[%emt 0:00:00]} c5 {[%emt 0:00:41]} 2. g3 {[%emt 0:00:00]} g6 {[%emt 0:00:11]} 3. Bg2 {[%emt 0:00:00]} Bg7 {[%emt 0:00:04]} 4. e3 {[%emt 0:00:00]} Nc6 {[%emt 0:00:35]} 5. Nc3 {[%emt 0:00:00]} d6 {[%emt 0:01:13]} 6. Nge2 {[%emt 0:00:02]} Nh6 {[%emt 0:01:53]} 7. d4 {[%emt 0:00:49]} cxd4 {[%emt 0:00:33]} 8. exd4 {[%emt 0:00:07]} Nf5 {[%emt 0:00:10]} 9. Be3 {[%emt 0:01:18]} O-O {[%emt 0:02:00]} 10. O-O {[%emt 0:01:36]} Qb6 {[%emt 0:08:23]} 11. Na4 {[%emt 0:17:21]} Qa6 {[%emt 0:01:01]} 12. b3 {[%emt 0:06:53]} Bd7 {[%emt 0:07:47]} 13. Rc1 {[%emt 0:04:38]} Rac8 {[%emt 0:01:59]} 14. Qd2 {[%emt 0:01:57]} Nxe3 {[%emt 0:09:00]} 15. fxe3 {[%emt 0:00:33]} b5 {[%emt 0:00:57]} 16. cxb5 {[%emt 0:06:28]} Qxb5 {[%emt 0:00:17]} 17. Nac3 {[%emt 0:03:16]} Qa5 {[%emt 0:00:48]} 18. Ne4 {[%emt 0:04:00]} Qxd2 {[%emt 0:02:36]} 19. Nxd2 {[%emt 0:00:07]} Nb4 {[%emt 0:00:42]} 20. Nc3 {[%emt 0:09:13]} Bh6 {[%emt 0:02:41]} 21. Nc4 {[%emt 0:01:43]} Rxc4 {[%emt 0:00:28]} 22. bxc4 {[%emt 0:00:21]} Bxe3+ {[%emt 0:00:06]} 23. Kh1 {[%emt 0:00:06]} Bxc1 {[%emt 0:00:09]} 24. Rxc1 {[%emt 0:00:01]} Rc8 {[%emt 0:00:27]} 25. Bf1 {[%emt 0:01:40]} Bf5 {[%emt 0:02:10]} 26. Kg1 {[%emt 0:03:00]} Kf8 {[%emt 0:02:21]} 27. a3 {[%emt 0:07:42]} Nd3 {[%emt 0:00:23]} 28. Rb1 {[%emt 0:00:46]} Rxc4 {[%emt 0:00:37]} 29. Nd5 {[%emt 0:00:36]} Rc1 {[%emt 0:01:33]} 30. Rb8+ {[%emt 0:02:52]} Kg7 {[%emt 0:00:26]} 31. Ne3 {[%emt 0:02:44]} Be4 {[%emt 0:03:48]} 32. Re8 {[%emt 0:00:15]} Kf6 {[%emt 0:02:27]} 33. d5 {[%emt 0:02:27]} h5 {[%emt 0:02:51]} 34. Ra8 {[%emt 0:00:17]} Rc7 {[%emt 0:03:04]} 0-1

[Event "AUT-ch 2018"]
[Site "Vienna"]
[Date "2018.07.26"]
[Round "6"]
[White "Hupfer, Robert"]
[Black "Peyrer, Konstantin"]
[Result "1/2-1/2"]
[WhiteElo "2122"]
[BlackElo "2209"]
[Annotator "NA"]
[PlyCount "97"]
[EventDate "2018.07.22"]
[EventType "swiss"]
[EventCountry "AUT"]
[SourceTitle "playchess.com"]
[Source "ChessBase"]
[SourceQuality "1"]
[TimeControl "40/5400+30:1800+30"]

1. d4 {[%emt 0:00:00]} Nf6 {[%emt 0:00:13]} 2. c4 {[%emt 0:00:00]} c5 {[%emt 0:00:05]} 3. d5 {[%emt 0:00:00]} e6 {[%emt 0:00:05]} 4. Nc3 {[%emt 0:00:09]} exd5 {[%emt 0:00:04]} 5. cxd5 {[%emt 0:00:36]} d6 {[%emt 0:00:04]} 6. e4 {[%emt 0:00:51]} g6 {[%emt 0:00:04]} 7. Bd3 {[%emt 0:05:09]} Bg7 {[%emt 0:00:50]} 8. Nge2 {[%emt 0:00:04]} O-O {[%emt 0:00:20]} 9. O-O {[%emt 0:00:15]} Re8 {[%emt 0:02:08]} 10. Ng3 {[%emt 0:03:07]} a6 {[%emt 0:00:55]} 11. a4 {[%emt 0:00:24]} Qc7 {[%emt 0:01:02]} 12. Re1 {[%emt 0:05:02]} Nbd7 {[%emt 0:04:00]} 13. h3 {[%emt 0:02:14]} h5 {[%emt 0:03:22]} 14. a5 {[%emt 0:04:34]} h4 {[%emt 0:04:04]} 15. Nf1 {[%emt 0:02:02]} Nh7 {[%emt 0:03:27]} 16. Ne3 {[%emt 0:06:05]} Ne5 {[%emt 0:04:39]} 17. Be2 {[%emt 0:08:44]} f5 {[%emt 0:04:20]} 18. exf5 {[%emt 0:09:19]} Bxf5 {[%emt 0:01:09]} 19. f4 {[%emt 0:07:23]} Nf7 {[%emt 0:01:10]} 20. Nxf5 {[%emt 0:00:53]} gxf5 {[%emt 0:00:05]} 21. Bd3 {[%emt 0:05:16]} Nh6 {[%emt 0:02:28]} 22. Be3 {[%emt 0:05:50]} Rxe3 {[%emt 0:06:12]} 23. Rxe3 {[%emt 0:00:13]} Bd4 {[%emt 0:00:41]} 24. Qf3 {[%emt 0:04:15]} c4 {[%emt 0:02:42]} 25. Bf1 {[%emt 0:02:22]} Qc5 {[%emt 0:00:41]} 26. Rae1 {[%emt 0:00:18]} Re8 {[%emt 0:01:32]} 27. Nd1 {[%emt 0:01:16]} Qxa5 {[%emt 0:05:33]} 28. Kh2 {[%emt 0:00:49]} Bxe3 {[%emt 0:00:29]} 29. Rxe3 {[%emt 0:00:13]} Rxe3 {[%emt 0:01:03]} 30. Qxe3 {[%emt 0:03:36]} Qxd5 {[%emt 0:02:32]} 31. Qe8+ {[%emt 0:04:15]} Kg7 {[%emt 0:00:09]} 32. Ne3 {[%emt 0:01:39]} Qe4 {[%emt 0:06:33]} 33. Qd7+ {[%emt 0:09:56]} Kh8 {[%emt 0:02:13]} 34. Qc8+ {[%emt 0:01:01]} Ng8 {[%emt 0:02:37]} 35. Bxc4 {[%emt 0:00:53]} Qxf4+ {[%emt 0:00:08]} 36. Kh1 {[%emt 0:00:09]} Nhf6 {[%emt 0:00:07]} 37. Nxf5 {[%emt 0:03:57]} Qc1+ {[%emt 0:01:28]} 38. Kh2 {[%emt 0:00:06]} d5 {[%emt 0:03:06]} 39. Qc7 {[%emt 0:03:47]} Qg5 {[%emt 0:01:17]} 40. Bd3 {[%emt 0:02:05]} Ne4 {[%emt 0:31:57]} 41. Bxe4 {[%emt 0:11:25]} dxe4 {[%emt 0:00:00]} 42. Qe5+ {[%emt 0:00:16]} Nf6 {[%emt 0:00:00]} 43. Qb8+ {[%emt 0:00:20]} Kh7 {[%emt 0:00:00]} 44. Qxb7+ {[%emt 0:02:14]} Kg6 {[%emt 0:00:00]} 45. Ne7+ {[%emt 0:06:09]} Kh6 {[%emt 0:00:00]} 46. Qb8 {[%emt 0:02:10]} e3 {[%emt 0:00:00]} 47. Qf8+ {[%emt 0:05:14]} Kh7 {[%emt 0:00:00]} 48. Qf7+ {[%emt 0:01:09]} Kh6 {[%emt 0:00:00]} 49. Qf8+ {[%emt 0:01:00]} 1/2-1/2

[Event "AUT-ch 2018"]
[Site "Vienna"]
[Date "2018.07.26"]
[Round "6"]
[White "Zojer, Stefan"]
[Black "Holzleithner, Johannes"]
[Result "1-0"]
[WhiteElo "2108"]
[BlackElo "2108"]
[Annotator "NA"]
[PlyCount "147"]
[EventDate "2018.07.22"]
[EventType "swiss"]
[EventCountry "AUT"]
[SourceTitle "playchess.com"]
[Source "ChessBase"]
[SourceQuality "1"]
[TimeControl "40/5400+30:1800+30"]

1. d4 {[%emt 0:00:00]} Nf6 {[%emt 0:00:02]} 2. Bg5 {[%emt 0:00:00]} d5 {[%emt 0:00:01]} 3. Bxf6 {[%emt 0:00:29]} exf6 {[%emt 0:00:02]} 4. e3 {[%emt 0:01:03]} Bd6 {[%emt 0:04:18]} 5. c4 {[%emt 0:02:47]} dxc4 {[%emt 0:02:13]} 6. Nd2 {[%emt 0:06:19]} O-O {[%emt 0:01:55]} 7. Bxc4 {[%emt 0:02:58]} Nd7 {[%emt 0:03:38]} 8. Ngf3 {[%emt 0:03:33]} Nb6 {[%emt 0:01:41]} 9. Bd3 {[%emt 0:02:21]} Re8 {[%emt 0:06:20]} 10. O-O {[%emt 0:01:52]} f5 {[%emt 0:06:55]} 11. Qc2 {[%emt 0:03:20]} g6 {[%emt 0:06:43]} 12. g3 {[%emt 0:04:12]} Nd5 {[%emt 0:08:11]} 13. a3 {[%emt 0:01:07]} Nf6 {[%emt 0:01:03]} 14. Nc4 {[%emt 0:08:53]} Be6 {[%emt 0:07:04]} 15. Nce5 {[%emt 0:05:43]} Bd5 {[%emt 0:00:35]} 16. Bc4 {[%emt 0:03:57]} c6 {[%emt 0:07:19]} 17. Qb3 {[%emt 0:06:55]} Qb6 {[%emt 0:04:12]} 18. Qc2 {[%emt 0:07:12]} Re7 {[%emt 0:01:53]} 19. b4 {[%emt 0:06:44]} Rae8 {[%emt 0:03:41]} 20. Rfc1 {[%emt 0:02:26]} Be4 {[%emt 0:02:03]} 21. Qb3 {[%emt 0:02:33]} Bd5 {[%emt 0:02:07]} 22. b5 {[%emt 0:05:35]} Bxe5 {[%emt 0:03:04]} 23. Nxe5 {[%emt 0:00:16]} Rxe5 {[%emt 0:04:32]} 24. dxe5 {[%emt 0:00:21]} Rxe5 {[%emt 0:00:01]} 25. bxc6 {[%emt 0:04:00]} Qxc6 {[%emt 0:04:28]} 26. Bxd5 {[%emt 0:03:42]} Qxd5 {[%emt 0:00:43]} 27. Rc8+ {[%emt 0:03:09]} Kg7 {[%emt 0:00:15]} 28. Qb4 {[%emt 0:00:43]} Nd7 {[%emt 0:02:01]} 29. Rc7 {[%emt 0:02:15]} Nc5 {[%emt 0:01:15]} 30. Qd4 {[%emt 0:03:32]} Nb3 {[%emt 0:02:51]} 31. Qxd5 {[%emt 0:00:54]} Rxd5 {[%emt 0:00:01]} 32. Rb1 {[%emt 0:00:28]} Na5 {[%emt 0:00:49]} 33. a4 {[%emt 0:00:31]} a6 {[%emt 0:01:24]} 34. Rbc1 {[%emt 0:01:00]} b5 {[%emt 0:00:02]} 35. axb5 {[%emt 0:01:20]} axb5 {[%emt 0:00:21]} 36. R7c5 {[%emt 0:01:06]} Rxc5 {[%emt 0:01:11]} 37. Rxc5 {[%emt 0:00:02]} Nb7 {[%emt 0:00:12]} 38. Rxb5 {[%emt 0:00:17]} Nd6 {[%emt 0:00:02]} 39. Rd5 {[%emt 0:00:28]} Ne4 {[%emt 0:00:22]} 40. f3 {[%emt 0:00:21]} Ng5 {[%emt 0:30:29]} 41. Kg2 {[%emt 0:31:32]} h6 {[%emt 0:02:47]} 42. h4 {[%emt 0:02:03]} Ne6 {[%emt 0:00:07]} 43. h5 {[%emt 0:00:23]} Ng5 {[%emt 0:04:12]} 44. hxg6 {[%emt 0:00:00]} Kxg6 {[%emt 0:00:00]} 45. Rd6+ {[%emt 0:00:00]} f6 {[%emt 0:00:00]} 46. Rd7 {[%emt 0:00:00]} h5 {[%emt 0:00:00]} 47. Kf2 {[%emt 0:00:00]} Nh3+ {[%emt 0:00:00]} 48. Kf1 {[%emt 0:00:00]} Ng5 {[%emt 0:00:00]} 49. Ke2 {[%emt 0:00:00]} Kh6 {[%emt 0:00:00]} 50. Rd5 {[%emt 0:00:00]} Kg6 {[%emt 0:00:00]} 51. Ra5 {[%emt 0:00:00]} Nf7 {[%emt 0:00:00]} 52. Rb5 {[%emt 0:00:00]} Ng5 {[%emt 0:00:00]} 53. Rd5 {[%emt 0:00:00]} Nf7 {[%emt 0:00:00]} 54. f4 {[%emt 0:00:00]} Nh6 {[%emt 0:00:00]} 55. Kf3 {[%emt 0:00:00]} Ng4 {[%emt 0:00:00]} 56. e4 fxe4+ {[%emt 0:00:00]} 57. Kxe4 {[%emt 0:00:00]} Nf2+ {[%emt 0:00:00]} 58. Kf3 {[%emt 0:00:00]} Ng4 {[%emt 0:00:00]} 59. Ra5 {[%emt 0:00:00]} Nh2+ {[%emt 0:00:00]} 60. Kg2 {[%emt 0:00:00]} Ng4 {[%emt 0:00:00]} 61. Kh3 {[%emt 0:00:00]} Ne3 {[%emt 0:00:00]} 62. Kh4 {[%emt 0:00:00]} Ng2+ {[%emt 0:00:00]} 63. Kh3 {[%emt 0:00:00]} Ne3 {[%emt 0:00:00]} 64. Rb5 {[%emt 0:00:00]} Kh6 {[%emt 0:00:00]} 65. Rb3 {[%emt 0:00:00]} Nf5 {[%emt 0:00:00]} 66. g4 {[%emt 0:00:00]} hxg4+ {[%emt 0:00:00]} 67. Kxg4 {[%emt 0:00:00]} Kg6 {[%emt 0:00:00]} 68. Rb1 {[%emt 0:01:19]} Ne3+ {[%emt 0:03:32]} 69. Kf3 {[%emt 0:00:16]} Nd5 {[%emt 0:00:52]} 70. Rd1 {[%emt 0:01:56]} Ne7 {[%emt 0:01:45]} 71. Ke4 {[%emt 0:00:38]} Kf7 {[%emt 0:02:41]} 72. Ra1 {[%emt 0:01:48]} f5+ {[%emt 0:00:54]} 73. Ke5 {[%emt 0:00:32]} Kg6 {[%emt 0:05:25] Ke4} 74. Ke6 {[%emt 0:00:39]} 1-0

[Event "AUT-ch 2018"]
[Site "Vienna"]
[Date "2018.07.26"]
[Round "6"]
[White "Pacher, Simon"]
[Black "Knoll, Hermann"]
[Result "0-1"]
[WhiteElo "2097"]
[BlackElo "2338"]
[Annotator "NA"]
[PlyCount "94"]
[EventDate "2018.07.22"]
[EventType "swiss"]
[EventCountry "AUT"]
[SourceTitle "playchess.com"]
[Source "ChessBase"]
[SourceQuality "1"]
[TimeControl "40/5400+30:1800+30"]

1. e4 {[%emt 0:00:12]} e5 {[%emt 0:00:26]} 2. Nf3 {[%emt 0:00:10]} Nc6 {[%emt 0:00:14]} 3. Bb5 {[%emt 0:00:10]} a6 {[%emt 0:00:55]} 4. Bxc6 {[%emt 0:00:59]} dxc6 {[%emt 0:00:06]} 5. O-O {[%emt 0:00:14]} Be6 {[%emt 0:00:39]} 6. Nc3 {[%emt 0:01:08]} f6 {[%emt 0:00:32]} 7. d4 {[%emt 0:00:28]} exd4 {[%emt 0:00:19]} 8. Nxd4 {[%emt 0:00:51]} Bc4 {[%emt 0:00:54]} 9. Re1 {[%emt 0:00:22]} c5 {[%emt 0:00:03]} 10. Nf5 {[%emt 0:01:08]} Qxd1 {[%emt 0:00:52]} 11. Rxd1 {[%emt 0:00:10]} g6 {[%emt 0:01:16]} 12. Ne3 {[%emt 0:00:22]} Be6 {[%emt 0:02:42]} 13. Ned5 {[%emt 0:01:27]} O-O-O {[%emt 0:03:24]} 14. Be3 {[%emt 0:04:49]} g5 {[%emt 0:07:30]} 15. Rd2 {[%emt 0:01:12]} Re8 {[%emt 0:00:28]} 16. a4 {[%emt 0:11:55]} b6 {[%emt 0:03:27]} 17. e5 {[%emt 0:11:10]} fxe5 {[%emt 0:07:22]} 18. Bxg5 {[%emt 0:00:59]} Bh6 {[%emt 0:12:34]} 19. h4 {[%emt 0:04:00]} Bxg5 {[%emt 0:00:19]} 20. hxg5 {[%emt 0:00:06]} Bf5 {[%emt 0:03:00]} 21. Ne3 {[%emt 0:05:41]} Bg6 {[%emt 0:00:29]} 22. Re1 {[%emt 0:04:54]} h6 {[%emt 0:04:25]} 23. gxh6 {[%emt 0:04:14]} Nxh6 {[%emt 0:00:04]} 24. Nc4 {[%emt 0:00:22]} Nf7 {[%emt 0:00:07]} 25. Rde2 {[%emt 0:01:48]} Rd8 {[%emt 0:04:03]} 26. Nb1 {[%emt 0:08:01]} Rh4 {[%emt 0:02:05]} 27. Nba3 {[%emt 0:00:41]} e4 {[%emt 0:00:28]} 28. Re3 {[%emt 0:05:00]} Rdh8 {[%emt 0:02:34]} 29. f3 {[%emt 0:00:47]} exf3 {[%emt 0:00:07]} 30. Rxf3 {[%emt 0:00:08]} Ng5 {[%emt 0:00:17]} 31. Rg3 {[%emt 0:04:53]} Rh1+ {[%emt 0:00:21]} 32. Kf2 {[%emt 0:00:27]} Ne4+ {[%emt 0:00:36]} 33. Rxe4 {[%emt 0:00:02]} Bxe4 {[%emt 0:00:09]} 34. Ne3 {[%emt 0:02:46]} Bc6 {[%emt 0:01:09]} 35. b3 {[%emt 0:00:43]} R1h4 {[%emt 0:00:12]} 36. Nac4 {[%emt 0:00:34]} Rf8+ {[%emt 0:00:34]} 37. Kg1 {[%emt 0:00:44]} Re4 {[%emt 0:00:15]} 38. Rg6 {[%emt 0:04:08]} Be8 {[%emt 0:00:17]} 39. Rg3 {[%emt 0:00:09]} Bd7 {[%emt 0:00:35]} 40. Nd2 {[%emt 0:01:04]} Ree8 {[%emt 0:30:13]} 41. Ndc4 {[%emt 0:32:03]} Rg8 {[%emt 0:00:11]} 42. Rf3 {[%emt 0:00:29]} Bc6 {[%emt 0:00:20]} 43. Rf6 {[%emt 0:00:12]} Bb7 {[%emt 0:01:52]} 44. Rf5 {[%emt 0:00:54]} Rg3 {[%emt 0:04:02]} 45. Kf2 {[%emt 0:01:33]} Reg8 {[%emt 0:00:58]} 46. Ne5 {[%emt 0:00:11]} Bxg2 {[%emt 0:02:12]} 47. N5g4 {[%emt 0:00:05]} R3xg4 {[%emt 0:00:37]} 0-1

[Event "AUT-ch 2018"]
[Site "Vienna"]
[Date "2018.07.26"]
[Round "6"]
[White "Pernerstorfer, Johannes"]
[Black "Polterauer, Chiara"]
[Result "0-1"]
[WhiteElo "2066"]
[BlackElo "2169"]
[Annotator "NA"]
[PlyCount "100"]
[EventDate "2018.07.22"]
[EventType "swiss"]
[EventCountry "AUT"]
[SourceTitle "playchess.com"]
[Source "ChessBase"]
[SourceQuality "1"]
[TimeControl "40/5400+30:1800+30"]

1. c4 {[%emt 0:00:00]} e6 {[%emt 0:00:24]} 2. e4 {[%emt 0:00:08]} d5 {[%emt 0:01:14]} 3. cxd5 {[%emt 0:01:23]} exd5 {[%emt 0:00:07]} 4. exd5 {[%emt 0:00:34]} Nf6 {[%emt 0:01:03]} 5. Nf3 {[%emt 0:00:55]} Nxd5 {[%emt 0:02:04]} 6. Bc4 {[%emt 0:00:51]} Qe7+ {[%emt 0:14:01]} 7. Kf1 {[%emt 0:02:21]} Nb6 {[%emt 0:00:51]} 8. Bb3 {[%emt 0:00:22]} Nc6 {[%emt 0:01:23]} 9. d4 {[%emt 0:00:33]} Bg4 {[%emt 0:03:59]} 10. Be3 {[%emt 0:03:03]} O-O-O {[%emt 0:01:34]} 11. Nc3 {[%emt 0:00:13]} f6 {[%emt 0:06:35]} 12. a4 {[%emt 0:04:57]} Na5 {[%emt 0:05:28]} 13. Qc2 {[%emt 0:06:25]} Nxb3 {[%emt 0:05:03]} 14. Qxb3 {[%emt 0:00:10]} Be6 {[%emt 0:00:07]} 15. Qc2 {[%emt 0:02:07]} Qb4 {[%emt 0:01:32]} 16. Nd2 {[%emt 0:04:22]} Nc4 {[%emt 0:03:09]} 17. d5 {[%emt 0:04:49]} Nxd2+ {[%emt 0:08:32]} 18. Qxd2 {[%emt 0:04:46]} Qc4+ {[%emt 0:00:04]} 19. Qe2 {[%emt 0:01:12]} Bxd5 {[%emt 0:01:01]} 20. Nxd5 {[%emt 0:00:35]} Qxe2+ {[%emt 0:04:44]} 21. Kxe2 {[%emt 0:00:03]} Rxd5 {[%emt 0:00:06]} 22. Rhc1 {[%emt 0:02:11]} a6 {[%emt 0:02:24]} 23. Rc4 {[%emt 0:00:24]} Bd6 {[%emt 0:00:32]} 24. b4 {[%emt 0:03:44]} Re8 {[%emt 0:00:39]} 25. b5 {[%emt 0:00:20]} axb5 {[%emt 0:03:03]} 26. Rg4 {[%emt 0:02:47]} g6 {[%emt 0:01:22]} 27. Rh4 {[%emt 0:00:36]} Re7 {[%emt 0:03:53]} 28. axb5 {[%emt 0:00:24]} Rxb5 {[%emt 0:00:29]} 29. Ra8+ {[%emt 0:00:51]} Kd7 {[%emt 0:00:05]} 30. Rh8 {[%emt 0:00:17]} Rb2+ {[%emt 0:10:09]} 31. Kd3 {[%emt 0:00:14]} c5 {[%emt 0:01:08]} 32. R8xh7 {[%emt 0:01:03]} Rxh7 {[%emt 0:01:09]} 33. Rxh7+ {[%emt 0:00:01]} Ke6 {[%emt 0:00:06]} 34. Ke4 {[%emt 0:03:23]} b5 {[%emt 0:01:59]} 35. Rh6 {[%emt 0:00:54]} f5+ {[%emt 0:04:48]} 36. Kf3 {[%emt 0:00:10]} Kf6 {[%emt 0:00:31]} 37. h4 {[%emt 0:00:26]} f4 {[%emt 0:00:26]} 38. h5 {[%emt 0:00:46]} fxe3 {[%emt 0:00:15]} 39. Rxg6+ {[%emt 0:00:15]} Ke7 {[%emt 0:02:07]} 40. fxe3 {[%emt 0:00:32]} Be5 {[%emt 0:34:42]} 41. Ke4 {[%emt 0:30:20]} Bf6 {[%emt 0:02:43]} 42. g4 {[%emt 0:01:46]} Rg2 {[%emt 0:00:00]} 43. Rg8 {[%emt 0:00:00]} c4 {[%emt 0:00:00]} 44. Kf3 {[%emt 0:00:00]} Rg1 {[%emt 0:00:00]} 45. Kf2 {[%emt 0:00:00]} Kf7 {[%emt 0:00:00]} 46. Rb8 {[%emt 0:00:00]} Rb1 {[%emt 0:00:00]} 47. Rb7+ {[%emt 0:00:00]} Kf8 {[%emt 0:00:00]} 48. h6 {[%emt 0:00:00]} c3 {[%emt 0:00:00]} 49. Rc7 {[%emt 0:00:00]} Rh1 {[%emt 0:00:00]} 50. g5 {[%emt 0:00:00]} c2 {[%emt 0:00:00]} 0-1

[Event "AUT-ch 2018"]
[Site "Vienna"]
[Date "2018.07.26"]
[Round "6"]
[White "Mayrhuber, Nikola"]
[Black "Bauer, Thomas"]
[Result "0-1"]
[WhiteElo "2046"]
[BlackElo "2181"]
[Annotator "NA"]
[PlyCount "64"]
[EventDate "2018.07.22"]
[EventType "swiss"]
[EventCountry "AUT"]
[SourceTitle "playchess.com"]
[Source "ChessBase"]
[SourceQuality "1"]
[TimeControl "40/5400+30:1800+30"]

1. d4 {[%emt 0:00:00]} Nf6 {[%emt 0:00:07]} 2. c4 {[%emt 0:00:00]} c5 {[%emt 0:00:04]} 3. d5 {[%emt 0:00:00]} e6 {[%emt 0:00:03]} 4. Nc3 {[%emt 0:00:00]} exd5 {[%emt 0:00:04]} 5. cxd5 {[%emt 0:00:00]} d6 {[%emt 0:00:03]} 6. e4 {[%emt 0:00:15]} g6 {[%emt 0:00:06]} 7. f4 {[%emt 0:00:39]} Bg7 {[%emt 0:00:26]} 8. Bb5+ {[%emt 0:00:25]} Nfd7 {[%emt 0:00:05]} 9. Nf3 {[%emt 0:00:58]} O-O {[%emt 0:00:08]} 10. O-O {[%emt 0:00:15]} Na6 {[%emt 0:02:08]} 11. Kh1 {[%emt 0:08:41]} Rb8 {[%emt 0:01:43]} 12. f5 {[%emt 0:24:35]} Nc7 {[%emt 0:06:17]} 13. Bg5 {[%emt 0:06:09]} f6 {[%emt 0:06:04]} 14. Bxd7 {[%emt 0:04:18]} Qxd7 {[%emt 0:05:34]} 15. Bf4 {[%emt 0:04:50]} b5 {[%emt 0:02:00]} 16. g4 {[%emt 0:05:37]} Re8 {[%emt 0:06:21]} 17. Nd2 {[%emt 0:02:15]} Ba6 {[%emt 0:08:59]} 18. b4 {[%emt 0:08:30]} cxb4 {[%emt 0:12:48]} 19. Ne2 {[%emt 0:00:09]} h5 {[%emt 0:06:38]} 20. Nd4 {[%emt 0:03:26]} Bb7 {[%emt 0:07:52]} 21. h4 {[%emt 0:11:14]} g5 {[%emt 0:10:29]} 22. Bg3 {[%emt 0:00:15]} Bh6 {[%emt 0:03:04]} 23. gxh5 {[%emt 0:03:36]} Rbc8 {[%emt 0:05:58]} 24. Rg1 {[%emt 0:04:16]} Kh7 {[%emt 0:01:33]} 25. hxg5 {[%emt 0:05:01]} Bxg5 {[%emt 0:00:30]} 26. Ne6 {[%emt 0:00:11]} Be3 {[%emt 0:05:43]} 27. Bh4 {[%emt 0:04:58]} Bxg1 {[%emt 0:03:37]} 28. Qxg1 {[%emt 0:00:03]} Rg8 {[%emt 0:01:09]} 29. Qd4 {[%emt 0:00:24]} Nxe6 {[%emt 0:00:37]} 30. fxe6 {[%emt 0:00:16]} Qg7 {[%emt 0:00:28]} 31. Rg1 {[%emt 0:01:41]} Rc1 {[%emt 0:00:59]} 32. Nf3 {[%emt 0:02:03]} Qg2# {[%emt 0:00:13]} 0-1

[Event "AUT-ch 2018"]
[Site "Vienna"]
[Date "2018.07.26"]
[Round "6"]
[White "Zanon, Magnus"]
[Black "Charaus, Florian"]
[Result "1-0"]
[WhiteElo "2022"]
[BlackElo "2115"]
[Annotator "NA"]
[PlyCount "49"]
[EventDate "2018.07.22"]
[EventType "swiss"]
[EventCountry "AUT"]
[SourceTitle "playchess.com"]
[Source "ChessBase"]
[SourceQuality "1"]
[TimeControl "40/5400+30:1800+30"]

1. b3 {[%emt 0:00:00]} Nf6 {[%emt 0:02:47]} 2. Bb2 {[%emt 0:00:00]} e6 {[%emt 0:00:05]} 3. e3 {[%emt 0:00:00]} Be7 {[%emt 0:00:05]} 4. f4 {[%emt 0:00:00]} c5 {[%emt 0:00:18]} 5. Nf3 {[%emt 0:00:39]} b6 {[%emt 0:01:08]} 6. Bd3 {[%emt 0:04:00]} Ba6 {[%emt 0:20:36]} 7. Qe2 {[%emt 0:04:06]} Bxd3 {[%emt 0:07:40]} 8. Qxd3 {[%emt 0:00:08]} Nc6 {[%emt 0:00:20]} 9. a3 {[%emt 0:00:11]} d5 {[%emt 0:05:53]} 10. Nc3 {[%emt 0:04:35]} O-O {[%emt 0:05:30]} 11. O-O {[%emt 0:06:30]} Na5 {[%emt 0:06:14]} 12. Qe2 {[%emt 0:02:41]} d4 {[%emt 0:01:51]} 13. exd4 {[%emt 0:07:33]} cxd4 {[%emt 0:02:06]} 14. Ne4 {[%emt 0:01:22]} d3 {[%emt 0:02:23]} 15. cxd3 {[%emt 0:00:29]} Nxb3 {[%emt 0:01:05]} 16. Rae1 {[%emt 0:03:25]} Nc5 {[%emt 0:03:15]} 17. Ne5 {[%emt 0:00:41]} Qd5 {[%emt 0:04:24]} 18. Rf3 {[%emt 0:04:04]} Rad8 {[%emt 0:09:30]} 19. Nf2 {[%emt 0:05:25]} Rc8 {[%emt 0:05:24]} 20. Rg3 {[%emt 0:00:40]} Na4 {[%emt 0:00:48]} 21. Ba1 {[%emt 0:00:32]} Bc5 {[%emt 0:01:45]} 22. Nd7 {[%emt 0:02:25]} Qxd7 {[%emt 0:05:47]} 23. Rxg7+ {[%emt 0:00:47]} Kxg7 {[%emt 0:02:29]} 24. Qg4+ {[%emt 0:00:05]} Kh6 {[%emt 0:00:16]} 25. Qg5# 1-0

[Event "AUT-ch 2018"]
[Site "Vienna"]
[Date "2018.07.27"]
[Round "7"]
[White "Diermair, Andreas"]
[Black "Schnider, Gert"]
[Result "1/2-1/2"]
[WhiteElo "2508"]
[BlackElo "2422"]
[Annotator "TA"]
[PlyCount "60"]
[EventDate "2018.07.22"]
[EventType "swiss"]
[EventCountry "AUT"]
[SourceTitle "playchess.com"]
[Source "ChessBase"]
[SourceQuality "1"]

{[%evp 14,60,7,8,5,13,18,15,15,-20,0,-21,-2,-1,-14,-34,-33,-45,-31,-30,-25,-60,-39,-42,-34,-32,-42,-37,-25,-40,0,-35,-31,-49,39,-18,-18,-27,-20,-28,0,0,0,0,0,0,0,0,0]} 1. c4 e6 2. Nc3 d5 3. d4 Nf6 4. Bg5 dxc4 5. e4 c5 6. Nf3 {D50: Damengambit (Canal/Prins-Gambit)} cxd4 7. Qxd4 Qxd4 8. Nxd4 {LiveBook: 6 Partien} Bd7 (8... a6 9. Bxc4 Bc5 10. Rd1 b5 11. Be2 Bb7 12. f3 Nc6 13. Be3 O-O-O 14. Nxc6 Rxd1+ 15. Nxd1 Bxe3 16. Nxe3 Bxc6 {½-½ (43) Postny,E (2651)-Volokitin,A (2681) Germany 2009}) 9. Bxc4 Bb4 $146 ({Vorgänger:} 9... Nc6 10. Ndb5 Rc8 11. Rd1 Ne5 12. Be2 a6 13. Nd6+ Bxd6 14. Rxd6 Rxc3 15. bxc3 Nxe4 16. Rb6 Nxg5 17. f4 Bc6 18. fxe5 {1-0 (18) Robledo,M (2241)-Pedemonte,L (1916) Cajamarca 2012}) 10. f3 O-O 11. Nde2 Rc8 12. Bb3 Nc6 13. O-O-O {[#] Droht Lxf6 und aus.} Be8 14. a3 Bf8 15. Kb1 b5 16. Rc1 Rab8 17. Na2 a5 {[%cal Ba7a5,Ba5a4][%mdl 32]} 18. Bf4 a4 19. Bc2 e5 20. Bg3 Nd7 21. Rhd1 f6 22. Be1 Nb6 23. Bd3 Nd7 ({Lieber} 23... Nc4 $15) 24. Nb4 (24. Bf2 $14) 24... Nc5 $11 25. Nxc6 Rxc6 26. Bb4 Nxd3 27. Rxd3 {Die Stellung ist ausgeglichen.} Rxc1+ 28. Kxc1 Bxb4 29. axb4 Bf7 30. Nc3 Bc4 {Precision: Weiß = 59%, Schwarz = 65%.} 1/2-1/2